[Event "ESP-ch Student"]
[Site "Cartagena"]
[Date "2007.05.07"]
[Round "2"]
[White "Garcia Rodriguez, Dario"]
[Black "Ramos Garcia, Daniel"]
[Result "1/2-1/2"]
[WhiteElo "2031"]
[BlackElo "1924"]
[PlyCount "114"]
[EventDate "2007.05.06"]
[EventType "swiss"]
[EventRounds "9"]
[EventCountry "ESP"]
[SourceTitle "CBM 118 Extra"]
[Source "ChessBase"]
[SourceDate "2007.07.04"]
[SourceVersion "1"]
[SourceVersionDate "2007.07.04"]
[SourceQuality "1"]

1. Nf3 d5 2. d4 Nc6 3. c4 e6 4. g3 Nf6 5. Bg2 Be7 6. 0-0 0-0 7. Nbd2 b6 8. Qc2 Rb8 9. cxd5 Nb4 10. Qa4 b5 11. Qd1 Nbxd5 12. Ne5 Bb7 13. Ndf3 Nd7 14. Bd2 f6 15. Nd3 Bd6 16. e4 N5b6 17. e5 Bxf3 18. Bxf3 fxe5 19. dxe5 Bxe5 20. Nxe5 Nxe5 21. Be4 Qd4 22. Bxh7+ Kxh7 23. Qh5+ Kg8 24. Bc3 Nf3+ 25. Qxf3 Rxf3 26. Bxd4 Nd5 27. Bxa7 Ra8 28. Bc5 c6 29. Rfe1 Re8 30. Re2 Rf5 31. Bd4 e5 32. Rae1 Nb4 33. Rxe5 Rfxe5 34. Rxe5 Rxe5 35. Bxe5 Nxa2 36. Bd6 Nc1 37. b4 Kf7 38. h4 Nd3 39. Kf1 Ke6 40. Bf8 g6 41. Ke2 Ne5 42. f4 Nd7 43. Bg7 c5 44. bxc5 Nxc5 45. Kf3 Nd7 46. Bb2 Nc5 47. g4 b4 48. h5 gxh5 49. gxh5 Kf7 50. Ke3 Kg8 51. Be5 Kh7 52. Bd6 b3 53. Be5 Kh6 54. Kd2 Kxh5 55. Kc3 b2 56. Kxb2 Nd3+ 57. Kc3 Nxf4 1/2-1/2

[Event "El Sauzal op 7th"]
[Site "El Sauzal"]
[Date "2006.11.05"]
[Round "7"]
[White "Garcia Rodriguez, Dario"]
[Black "Barlov, Dragan"]
[Result "0-1"]
[WhiteElo "2024"]
[BlackElo "2439"]
[PlyCount "48"]
[EventDate "2006.11.04"]
[EventType "swiss (rapid)"]
[EventRounds "9"]
[EventCountry "ESP"]
[SourceTitle "CBM 115 Extra"]
[Source "ChessBase"]
[SourceDate "2007.01.10"]
[SourceVersion "1"]
[SourceVersionDate "2007.01.10"]
[SourceQuality "1"]

1. d4 Nf6 2. Nf3 c5 3. c4 cxd4 4. Nxd4 a6 5. g3 Qc7 6. Qd3 Nc6 7. Bg2 Ne5 8. Qd1 Nxc4 9. 0-0 e6 10. b3 Na5 11. Bb2 Be7 12. Nd2 0-0 13. Rc1 Qd8 14. Qc2 Nc6 15. Nc4 Nb4 16. Qb1 d5 17. Ne5 Bd6 18. Ndf3 Ne4 19. Rfd1 b6 20. Nc4 Bc5 21. e3 Qe7 22. a3 Nc6 23. Nh4 Bb7 24. Nd2 f5 0-1

[Event "Bajada de la Virgen op 3rd"]
[Site "Santa Cruz de La Palma"]
[Date "2005.06.14"]
[Round "2"]
[White "Illijin, Neboisa"]
[Black "Garcia Rodriguez, Dario"]
[Result "1-0"]
[WhiteElo "2244"]
[BlackElo "2051"]
[PlyCount "55"]
[EventDate "2005.06.13"]
[EventType "swiss"]
[EventRounds "9"]
[EventCountry "ESP"]
[SourceTitle "CBM 106 Extra"]
[Source "ChessBase"]
[SourceDate "2005.07.01"]
[SourceVersion "1"]
[SourceVersionDate "2005.07.01"]
[SourceQuality "1"]

1. e4 c5 2. Nf3 e6 3. d4 cxd4 4. Nxd4 a6 5. Bd3 Nc6 6. Nxc6 bxc6 7. c4 Qc7 8. 0-0 Nf6 9. Nc3 Be7 10. f4 e5 11. fxe5 Qxe5 12. Kh1 d6 13. Bf4 Qc5 14. Be2 0-0 15. Rc1 Be6 16. b3 Nd7 17. Nd5 cxd5 18. cxd5 Qb6 19. dxe6 fxe6 20. Bc4 Nc5 21. Qg4 Rf6 22. Be3 Rg6 23. Bxe6+ Kh8 24. Qh3 Bg5 25. Bd5 Rd8 26. Qf5 Be7 27. Qf7 Rf6 28. Qxe7 1-0

[Event "Isla de La Palma U2300 op"]
[Site "Isla de la Palma"]
[Date "2005.06.04"]
[Round "2.11"]
[White "Perera Gonzalez, Pablo"]
[Black "Garcia Rodriguez, Dario"]
[Result "1-0"]
[WhiteElo "2211"]
[BlackElo "2051"]
[PlyCount "87"]
[EventDate "2005.06.03"]
[EventType "swiss"]
[EventRounds "9"]
[EventCountry "ESP"]
[SourceTitle "EXT 2024"]
[Source "ChessBase"]
[SourceDate "2023.10.10"]
[SourceVersion "1"]
[SourceVersionDate "2023.10.10"]
[SourceQuality "1"]

1. Nf3 Nf6 2. c4 g6 3. g3 Bg7 4. Bg2 0-0 5. d4 c6 6. Nc3 d5 7. cxd5 cxd5 8. Ne5 Nc6 9. Nxc6 bxc6 10. 0-0 e6 11. Na4 Nd7 12. Be3 Bb7 13. Rc1 Rc8 14. Qd2 Qc7 15. b3 Rfe8 16. Rfe1 Bf8 17. h4 Ba3 18. Rc2 Qd6 19. Nc5 Bxc5 20. dxc5 Qc7 21. Bh6 a5 22. Bh3 Ra8 23. Kg2 Reb8 24. Qc3 Qe5 25. Qxe5 Nxe5 26. Bf4 f6 27. Bxe6+ Kg7 28. Rd1 Ba6 29. Bh3 a4 30. bxa4 Rb4 31. Bxe5 fxe5 32. Bd7 Bb7 33. Rdd2 Raxa4 34. Rb2 Ba8 35. Rxb4 Rxb4 36. Rd3 Ra4 37. Rxd5 Rxa2 38. Rxe5 Ra5 39. g4 Kf6 40. f4 Ra7 41. g5+ Kf7 42. Be6+ Kg7 43. Kg3 Re7 44. e4 1-0

[Event "ESP-ch U16"]
[Site "Mondariz"]
[Date "2004.07.12"]
[Round "3"]
[White "Perez Candelario, Matias"]
[Black "Garcia Rodriguez, Dario"]
[Result "1-0"]
[WhiteElo "2039"]
[BlackElo "2203"]
[PlyCount "59"]
[EventDate "2004.07.11"]
[EventType "swiss"]
[EventRounds "9"]
[EventCountry "ESP"]
[SourceTitle "EXT 2005"]
[Source "ChessBase"]
[SourceDate "2004.11.15"]
[SourceVersion "1"]
[SourceVersionDate "2004.11.15"]
[SourceQuality "1"]

1. e4 c6 2. d4 d5 3. exd5 cxd5 4. c4 Nf6 5. Nc3 Nc6 6. Nf3 Bg4 7. Be3 e6 8. cxd5 Nxd5 9. a3 Be7 10. Be2 Bf6 11. 0-0 0-0 12. Ne4 Nxe3 13. Nxf6+ Qxf6 14. fxe3 Qh6 15. Qb3 Rad8 16. Rae1 Rd5 17. h3 Bxh3 18. gxh3 Qxh3 19. Rf2 Rh5 20. Rh2 Qg3+ 21. Rg2 Qh3 22. Nh2 Nxd4 23. Qc3 Nxe2+ 24. Rexe2 e5 25. Qc5 Rc8 26. Rd2 h6 27. Qd5 Qxe3+ 28. Kh1 Rc1+ 29. Rd1 e4 30. Qxh5 1-0